[Event "RUS-chT Rapid Men 2018"]
[Site "Sochi"]
[Date "2018.10.09"]
[Round "9"]
[White "Artemiev, Vladislav"]
[Black "Nepomniachtchi, Ian"]
[Result "1/2-1/2"]
[WhiteElo "2706"]
[BlackElo "2759"]
[Annotator "TA"]
[PlyCount "117"]
[EventDate "2018.10.05"]
[EventType "swiss"]
[EventCountry "RUS"]
[SourceTitle "playchess.com"]
[Source "ChessBase"]
[SourceQuality "1"]

{[%evp 9,117,27,12,18,26,14,27,23,22,10,35,38,39,30,19,0,5,0,0,-1,0,-9,0,-2,0,0,8,8,8,0,11,-18,-8,-13,0,0,0,-10,-9,0,0,-34,-28,-43,0,0,0,0,0,0,0,0,0,0,0,0,22,0,0,-8,-8,-8,-8,-16,-10,-18,-22,-22,-18,-30,-12,-16,-12,-12,0,-8,0,-8,0,0,0,0,0,0,0,0,0,0,0,0,0,0,0,0,0,0,0,0,8,0,0,0,0,0,0,0,0,0,0,0]} 1. e4 c5 2. Nf3 d6 3. Nc3 a6 4. g3 Nc6 5. Bg2 Bg4 6. h3 {B50: Sicilian: 2...d6, Miscellaneous} Bxf3 7. Bxf3 g6 8. Bg2 {White has an edge.} (8. d3 Bg7 9. Be3 Nf6 10. Qd2 O-O 11. O-O Nd7 12. Bg2 Rc8 13. Bh6 Bxh6 14. Qxh6 {½-½ (110) Sedlak,N (2537)-Van Kampen,R (2640) Baku 2016}) 8... Bg7 9. O-O Nf6 {[%cal Bg8f6,Bf6d7,Bd7b6,Bb6a4][%mdl 32]} 10. d3 O-O 11. Bg5 Rc8 12. Qd2 Qa5 $146 ({Predecessor:} 12... b5 13. Rae1 b4 14. Nd5 e6 15. Bxf6 Bxf6 16. Nxf6+ Qxf6 17. c3 {½-½ (17) Ermenkov,E-Balashov,Y Cienfuegos 1975}) 13. Nd1 {[%cal Bc3d1,Bd1e3,Be3c4][%mdl 32]} Qxd2 14. Bxd2 Nd7 15. f4 b5 {[%cal Bb7b5,Bb5b4][%mdl 32]} 16. c3 Nb6 17. Ne3 b4 18. Rac1 Na4 19. Nc4 Rfd8 20. Rfe1 e6 21. Rc2 bxc3 22. bxc3 Na7 23. Nb2 Nxb2 24. Rxb2 Nb5 25. e5 dxe5 26. Bb7 exf4 27. Bxa6 {[#]} Nd4 $1 {[%cal Rd4f3][%mdl 512]} 28. Bxc8 {aiming for Bb7.} (28. cxd4 Bxd4+) 28... Nf3+ 29. Kf2 $1 {[%cal Rf2f3]} Nxe1 30. Kxe1 {And now Bb7 would win.} Rxc8 31. gxf4 $11 {[%mdl 4096] Endgame KRB-KRB} Ra8 32. a4 e5 33. fxe5 Bxe5 34. Rb5 Rxa4 35. Rxc5 Bg3+ 36. Kd1 Ra1+ 37. Kc2 Ra2+ 38. Kd1 f5 39. Rc4 Kf7 40. Bg5 {The position is equal.} Ke6 41. Rb4 Bc7 42. Rh4 h5 {[#] White must now prevent ...f4!} 43. Rc4 Bd6 44. h4 Kd7 45. Rd4 Ke6 46. Rc4 Kd7 47. Rd4 Kc6 48. Rc4+ Kd7 49. Rd4 $1 Ke6 50. Rc4 Rg2 51. Ra4 Rg4 52. Ra6 Kd7 53. d4 f4 54. Ke2 Rg2+ 55. Kf3 Rg3+ 56. Ke4 {Strongly threatening Rxd6+!} Rxc3 57. Ra7+ Rc7 58. Rxc7+ Bxc7 59. Bxf4 {Precision: White = 61%, Black = 59%.} 1/2-1/2

[Event "RUS-chT Rapid Men 2018"]
[Site "Sochi"]
[Date "2018.10.09"]
[Round "9"]
[White "Malakhov, Vladimir"]
[Black "Chigaev, Maksim"]
[Result "1/2-1/2"]
[WhiteElo "2661"]
[BlackElo "2599"]
[Annotator "TA"]
[PlyCount "130"]
[EventDate "2018.10.05"]
[EventType "swiss"]
[EventCountry "RUS"]
[SourceTitle "playchess.com"]
[Source "ChessBase"]
[SourceQuality "1"]

{[%evp 18,130,31,0,20,0,0,-16,0,0,0,-30,-33,-102,-89,-110,-118,-156,-144,-155,-152,-133,-147,-146,-144,-306,-242,-238,-220,-216,-245,-237,-226,-261,-275,-266,-264,-260,-224,-320,-297,-324,-281,-323,-306,-325,-266,-266,-229,-228,-228,-391,-391,-512,-500,-456,-437,-512,-505,-461,-445,-372,-384,-777,-777,-1974,-1974,-1234,-777,-769,-769,-769,-762,-762,-762,-762,-755,-755,-755,-740,-740,-719,-705,-705,-697,-636,-636,-460,0,0,-8,-8,0,0,0,0,0,0,0,-8,0,0,-8,-14,-14,-16,0,-23,0,-31,0,-45,0,-53,-53]} 1. Nf3 Nf6 2. g3 g6 3. b3 d6 4. d4 Bg7 5. Bb2 O-O 6. Bg2 e5 7. dxe5 Nfd7 8. O-O dxe5 9. e4 Nc6 10. Nbd2 {LiveBook: 6 Games. A49: 1 d4 Nf6 2 Nf3 g6 3 g3: Anti-King's Indian systems} (10. c4 Nc5 11. Nc3 Bg4 12. Ba3 b6 13. h3 Qxd1 14. Raxd1 Bxf3 15. Bxf3 Nd4 16. Bxc5 bxc5 17. Bg2 Rfd8 {0-1 (42) Oglaza,O (2344)-Czarnota,P (2549) Suwalki 2018}) 10... a5 11. a4 b6 12. Re1 {The position is equal.} Bb7 $146 ({Predecessor:} 12... Ba6) 13. Nc4 Re8 14. Ne3 Nc5 15. Qxd8 (15. Nd5 $15) 15... Raxd8 $17 16. Nd5 Nb4 17. Nxc7 Re7 ({Don't play} 17... Nxc2 18. Nxe8 Rxe8 19. Nd2 $17) 18. Nb5 Nxc2 19. Rad1 Red7 20. Rxd7 Rxd7 21. Re2 $2 (21. Rb1 $17) 21... Bxe4 22. Ne1 Bxg2 23. Kxg2 Nxe1+ 24. Rxe1 Nxb3 25. Bxe5 Bxe5 26. Rxe5 $19 {[%mdl 4096] Endgame KRN-KRN} Nc5 27. Nc3 Kg7 28. g4 (28. Re1 $142) 28... h6 29. h4 Rd4 30. f3 Nxa4 31. Ne4 Rd8 32. Rb5 Nc5 33. Nxc5 bxc5 {[%cal Bb6c5,Bc5c4,Bc4c3,Bc3c2][%mdl 32]} 34. Rxa5 $2 {KR-KR} (34. Rxc5 {was the only defense.} Ra8 35. Rc3) 34... Rc8 $1 35. Kf2 c4 36. Ke2 {[#]} c3 $1 {[%cal Rc3c2]} 37. Kd1 {[#]} c2+ $1 38. Kc1 Rc3 39. f4 Rc4 40. h5 $2 (40. g5 Rxf4 41. Kxc2) 40... Rxf4 41. hxg6 fxg6 42. g5 h5 43. Kxc2 Rf5 44. Ra7+ Kf8 45. Ra8+ Ke7 46. Ra7+ Kd8 47. Kd3 Rxg5 48. Ke4 Ke8 49. Kf4 Rf5+ 50. Kg3 Kf8 51. Kh4 Rf7 52. Ra5 Kg7 $2 (52... Rf4+ $19 53. Kg3 Rg4+ 54. Kh3 Kg7 55. Ra7+ Kh6) 53. Kg5 $11 Re7 {Threatening ...Rb7.} 54. Rb5 Kf7 55. Ra5 Re6 56. Ra7+ $1 Ke8 57. Rb7 $1 Kf8 58. Ra7 $1 Ke8 59. Rb7 Kd8 60. Ra7 Rb6 61. Rh7 Re6 62. Ra7 $1 Ke8 63. Rb7 Kf8 64. Ra7 Rb6 65. Rc7 (65. Ra8+ $11 Kf7 66. Ra7+ Ke8 67. Ra8+ Kd7 68. Ra7+ Kd8 69. Rh7) 65... Kg8 {Precision: White = 41%, Black = 66%.} 1/2-1/2

[Event "RUS-chT Rapid Men 2018"]
[Site "Sochi"]
[Date "2018.10.09"]
[Round "9"]
[White "Alekseenko, Kirill"]
[Black "Rakhmanov, Aleksandr"]
[Result "0-1"]
[WhiteElo "2639"]
[BlackElo "2634"]
[Annotator "TA"]
[PlyCount "136"]
[EventDate "2018.10.05"]
[EventType "swiss"]
[EventCountry "RUS"]
[SourceTitle "playchess.com"]
[Source "ChessBase"]
[SourceQuality "1"]

{[%evp 14,136,10,0,30,7,0,0,0,-30,-24,-17,-20,-46,-62,-49,-18,-27,0,0,0,0,0,-17,-29,-51,-59,-56,0,-82,-25,-18,-20,-60,-47,-45,-54,-64,-13,-15,0,-51,-43,-112,-114,-108,-114,-104,-104,-98,-61,-83,-28,-65,-12,-62,-62,-54,-59,-52,-56,-55,-11,-131,-23,-106,-50,-84,-55,-47,-26,-29,-33,-37,-42,-30,-28,-62,-50,-86,-72,-90,-85,-89,-85,-85,-75,-104,-95,-163,-159,-177,-165,-164,-172,-181,-156,-155,-139,-287,-277,-327,-307,-329,-315,-292,-299,-292,-285,-333,-329,-317,-287,-311,-285,-343,-334,-7218,-8492,-5656,-5641,-5583,-4786,-29981,0]} 1. d4 d5 2. Nc3 Nf6 3. Bf4 c6 4. e3 g6 5. Be2 Bg7 6. Nf3 Bg4 7. h3 {D00: 1 d4 d5: Unusual lines} Bxf3 8. Bxf3 {LiveBook: 13 Games} e6 {[%cal Be7e6,Be6e5][%mdl 32]} (8... Nbd7 9. O-O O-O 10. e4 dxe4 11. Nxe4 Nxe4 12. Bxe4 e5 13. dxe5 Bxe5 14. Be3 Re8 15. Bf3 Nb6 16. Qxd8 Raxd8 17. Bxb6 axb6 {½-½ (27) Samusenko,M (2372)-Kamsky,G (2678) St Petersburg 2017}) 9. O-O {White has an edge.} O-O 10. Re1 Nbd7 11. Na4 $146 ({Predecessor:} 11. e4 dxe4 12. Nxe4 Nxe4 13. Bxe4 Qb6 14. c3 Qxb2 15. Bd6 Qxc3 16. Bxf8 Nxf8 17. Rc1 Qxd4 {0-1 (44) Salami,R (2193)-Lebrun,X (2188) France 2003}) 11... Re8 12. Bh2 e5 13. b4 a5 14. a3 Qe7 15. b5 $1 Ne4 16. bxc6 bxc6 17. Bxe4 dxe4 18. d5 Nc5 19. d6 Qa7 $36 {[%mdl 2048] Black has some pressure.} 20. Nb2 Rad8 (20... Bf8 $15) 21. Re2 (21. Qd2 $11) 21... Re6 (21... Qa6 $17) 22. Rd2 $1 $11 Qa6 23. Bg3 Bf8 {[%cal Rd8d6]} 24. Qf1 Qxf1+ ({Much worse is} 24... Bxd6 $6 25. Qxa6 Nxa6 26. Rad1 $16) 25. Kxf1 f6 (25... Bxd6 $6 26. Rad1 $11) (25... Rdxd6 $15 26. Rdd1 Rxd1+ 27. Rxd1 Bd6) 26. Nc4 Nb7 {[%cal Rb7d6]} 27. Rb1 (27. d7 $11) 27... Nxd6 $15 28. Nxa5 (28. a4 $15) 28... Ra8 $17 29. Nb3 Nc4 ({Don't play} 29... Rxa3 30. Nc5 $15) 30. Rd7 Nxa3 31. Ra1 Rae8 32. Ra2 Nc4 ({Black should try} 32... Rb8 $17) 33. Ke2 R6e7 (33... Nb6 $15 34. Rb7 Nd5) 34. Rd1 Rb7 35. Ra6 Rc8 36. Rda1 Bd6 37. R1a4 Nb6 38. Na5 (38. Rxe4 $11 Bf8 39. Na5) 38... Rbb8 ({Better is} 38... Nxa4 $17 39. Nxb7 Nc3+ 40. Kf1 Bb4) 39. Ra1 (39. Rxe4 $11 {remains equal.} Bf8 40. Rh4) 39... Bb4 (39... Nd5 $17 40. Rxc6 Bb4) 40. Ra7 Bxa5 (40... Ra8 {with more complications.} 41. Nb3 Rxa7 42. Rxa7 Ra8 43. Rxa8+ Nxa8 44. c3 Bxc3 45. Nc5 Bb4) 41. R1xa5 Ra8 42. f4 exf3+ 43. Kxf3 Rxa7 44. Rxa7 $11 {[%mdl 4096] Endgame KRB-KRN} Nd5 45. e4 Nc7 46. Ke3 Nb5 47. Ra6 Kf7 48. Be1 Ke6 49. Bb4 f5 50. c4 Nd6 51. exf5+ (51. Bxd6 $17 {is a better defense.} Kxd6 52. Ra7) 51... gxf5 $19 52. Bxd6 Kxd6 $17 {KR-KR} 53. Ra7 {[#]} Rc7 $1 54. c5+ Kd7 $1 55. Ra8 Rb7 56. Rh8 {[#]} (56. h4 $17) 56... Ke6 $1 $19 57. Rd8 {intending Rd6+.} Rd7 58. Rf8 f4+ 59. Ke4 Rd4+ 60. Kf3 Rd3+ 61. Kf2 Rd7 62. Kf3 Kd5 63. h4 Rg7 (63... Kxc5 $2 64. Ke4 $17) 64. Rf5 Kd4 65. h5 $2 (65. Rf8) 65... e4+ 66. Kf2 e3+ 67. Kf1 Ra7 68. Rxf4+ Ke5 $2 {[%mdl 32768] Precision: White = 36%, Black = 55%. . Sensor Board Error (Ke4/e5)?} (68... Kd3 {mates} 69. g3 Ra1+ 70. Kg2 e2 71. Rf3+ Kd4 72. Rf4+ Kd5 73. Rf5+ Ke6 74. Rf8 Ke7 75. Ra8 e1=Q 76. Rxa1 Qxa1 77. g4 Qc3 78. Kf1 Qxc5 79. Ke2 Qd5 80. g5 Qxg5 81. Kf3 Qd5+ 82. Kf4 c5 83. Kg4 c4 84. Kf4 c3 85. Kg4 c2 86. Kg3 c1=Q 87. Kf2 Qxh5 88. Kg3 Qe3+ 89. Kg2 Qhh3#) 0-1

[Event "RUS-chT Rapid Men 2018"]
[Site "Sochi"]
[Date "2018.10.09"]
[Round "9"]
[White "Lysyj, Igor"]
[Black "Shkurkin, Andrey"]
[Result "1-0"]
[WhiteElo "2631"]
[BlackElo "2201"]
[Annotator "TA"]
[PlyCount "85"]
[EventDate "2018.10.05"]
[EventType "swiss"]
[EventCountry "RUS"]
[SourceTitle "playchess.com"]
[Source "ChessBase"]
[SourceQuality "1"]

{[%evp 21,85,84,90,85,104,81,84,64,73,64,71,64,71,68,75,64,64,52,120,83,85,56,60,55,84,44,107,38,135,62,146,150,149,152,280,268,493,492,479,484,484,470,466,427,399,431,531,504,472,472,694,687,1183,1053,1670,1672,1406,894,1723,1640,949,855,12844,12844,12845,12845]} 1. d4 Nf6 2. c4 c5 3. d5 b5 4. cxb5 a6 5. e3 g6 6. Nc3 axb5 7. Bxb5 Ba6 8. Bxa6 Rxa6 9. Nf3 Bg7 10. O-O O-O 11. e4 d6 12. Qe2 {A57: Benko/Volga Gambit} Ra8 (12... Nfd7 13. Bf4 Nb6 14. Rad1 Na4 15. Nxa4 Rxa4 {½-½ (46) Colovic,A (2502)-Danchevski,O (2388) Struga 2013}) 13. h3 Nbd7 $146 ({Predecessor:} 13... Qb6) 14. Bf4 {White is better.} Qb6 15. e5 Nh5 {[#]} 16. Bh2 $1 {Hoping for g4.} Nxe5 17. Nxe5 dxe5 18. Bxe5 Bxe5 19. Qxe5 Qd6 (19... Qxb2 $14 20. Rab1 Qa3) 20. Rae1 Ra7 21. Re3 Rb8 22. b3 Ng7 23. g4 f6 (23... Qxe5 $14 24. Rxe5 Ne8) 24. Qh2 (24. Qxd6 $16 exd6 25. Rfe1) 24... Rb4 (24... Qxh2+ $1 $14 25. Kxh2 Ne8) 25. Rfe1 (25. Qxd6 $16 exd6 26. Rfe1) 25... Kf8 (25... Qxh2+ $1 $14 26. Kxh2 Kf7) 26. Qxd6 $16 exd6 {[#]} 27. Ne4 $1 $36 {[%mdl 2048] White is on the roll.} Ne8 {[#]} (27... Rxa2 $16 28. Nxd6 (28. Nxf6 Rf4 $16) 28... Ra6) 28. Nxc5 $1 $18 {[%mdl 512]} dxc5 $2 (28... Ng7) 29. Rxe8+ {[%mdl 4096] Endgame KRR-KRR} Kf7 30. d6 Rd4 31. R8e7+ Rxe7 32. Rxe7+ {KR-KR} ({Weaker is} 32. dxe7 Ke8 $16) 32... Kf8 33. Rc7 Rd2 {White is clearly winning.} 34. Rxc5 Rxd6 35. Rb5 Kf7 (35... Ra6 $142 36. a4 h6) 36. a4 {[%cal Ba2a4,Ba4a5,Ba5a6][%mdl 32]} Rd2 37. a5 Ra2 38. b4 Ke6 39. Kg2 Ra4 40. Rb6+ Ke5 41. a6 h5 42. gxh5 gxh5 43. Rb5+ {Precision: White = 56%, Black = 22%.} 1-0

[Event "RUS-chT Rapid Men 2018"]
[Site "Sochi"]
[Date "2018.10.09"]
[Round "9"]
[White "Oparin, Grigoriy"]
[Black "Tekeyev, Zaur"]
[Result "1-0"]
[WhiteElo "2624"]
[BlackElo "2392"]
[Annotator "TA"]
[PlyCount "81"]
[EventDate "2018.10.05"]
[EventType "swiss"]
[EventCountry "RUS"]
[SourceTitle "playchess.com"]
[Source "ChessBase"]
[SourceQuality "1"]

{[%evp 12,81,14,0,0,0,0,0,8,4,21,29,24,14,22,22,34,16,43,18,40,31,31,31,58,31,59,55,67,59,69,60,75,78,95,104,162,158,145,161,163,146,167,153,242,104,108,120,132,33,99,130,95,47,367,308,391,389,352,195,193,189,208,28,218,216,427,256,29989,29990,29990,29991]} 1. c4 e5 2. Nc3 Nf6 3. Nf3 Nc6 4. e3 Bb4 5. Qc2 Bxc3 6. Qxc3 Qe7 7. d4 {LiveBook: 35 Games. A28: English Opening: Four Knights Variation} Ne4 8. Qd3 exd4 9. Nxd4 {The position is equal.} Nc5 (9... O-O 10. Be2 Qb4+ 11. Kf1 Qe7 12. f3 f5 13. Qd1 Nc5 14. Kf2 d6 {½-½ (23) Caruana,F (2827)-Ding,L (2804) Batumi 2018}) 10. Qd1 Ne5 $146 ({Predecessor:} 10... Nxd4 11. Qxd4 O-O 12. Be2 b6 13. Bf3 Bb7 14. Bxb7 Nxb7 {1-0 (62) Stark,L (2368)-Severina,M (2242) Riga 2018}) 11. Be2 O-O 12. O-O a5 13. b3 d6 14. Bb2 Bd7 15. Qc2 Rae8 16. Rae1 f5 17. a3 Nc6 18. Bh5 Rb8 19. Bf3 Ne5 20. Be2 Nc6 21. Nb5 {[%cal Bd4b5,Bb5c3,Bc3d5][%mdl 32]} Rbc8 22. Nc3 Qh4 23. Nd5 Rf7 {[#]} (23... Be6 $16) 24. b4 $1 $18 {[%cal Rb4c5]} axb4 25. axb4 Ne6 26. f4 Re8 27. Bf3 Qd8 (27... Ne7 $16 {might work better.} 28. g3 Qh3 29. Nxe7+ Rfxe7) 28. c5 (28. Bh5 $18 g6 29. Bf3 (29. Qc3 Ncd4 $18)) 28... dxc5 29. bxc5 Ne7 30. e4 (30. Rd1 $16) 30... Nxd5 ({Better is} 30... Bb5 $1 $14) 31. exd5 $16 Nxf4 32. Qb3 {Threatens to win with Bc1.} Bc8 $2 {[%mdl 8192]} (32... c6 $1 $14) 33. Qc4 Rxe1 34. Rxe1 Qh4 35. Re8+ (35. Kf1 $142 {Re8+ is the strong threat.} Ng6 36. Bd4 (36. Re8+ Rf8 $16)) 35... Rf8 $18 36. d6+ Be6 {[#]} 37. Rxf8+ $1 $40 {[%mdl 128] White mounts an attack.} Kxf8 38. Qc3 cxd6 $2 (38... Qg5 {keeps fighting.} 39. dxc7 Bc8) 39. c6 (39. Qxg7+ $142 Ke8 40. Qh8+ Kf7 41. g3) 39... Qd8 $2 (39... Nh3+ $18 40. gxh3 Qg5+ 41. Kh1 bxc6 42. Qxc6 Qd2) 40. Qxg7+ Ke8 41. Qh8+ {Precision: White = 58%, Black = 36%.} 1-0

[Event "RUS-chT Rapid Men 2018"]
[Site "Sochi"]
[Date "2018.10.09"]
[Round "9"]
[White "Kobalia, Mikhail"]
[Black "Lugovskoy, Maxim"]
[Result "1/2-1/2"]
[WhiteElo "2620"]
[BlackElo "2428"]
[Annotator "TA"]
[PlyCount "70"]
[EventDate "2018.10.05"]
[EventType "swiss"]
[EventCountry "RUS"]
[SourceTitle "playchess.com"]
[Source "ChessBase"]
[SourceQuality "1"]

{[%evp 13,70,-14,0,0,0,0,20,10,163,163,174,172,172,173,189,98,100,105,188,0,0,0,0,0,0,0,0,0,0,0,0,0,0,0,0,0,0,0,0,0,0,0,0,0,0,0,0,0,0,0,0,0,0,0,0,0,0,0,0]} 1. e4 e6 2. d4 d5 3. Nc3 Bb4 4. e5 c5 5. a3 Bxc3+ 6. bxc3 Ne7 7. a4 b6 8. Bb5+ {C19: French: 3 Nc3 Bb4: Main line: 7 Nf3 and 7 a4} Bd7 9. Bd3 Bc8 $146 ({Predecessor:} 9... Qc7 10. Nf3 Nbc6 11. O-O h6 12. Re1 O-O 13. Ba3 Na5 14. dxc5 bxc5 15. Qd2 Rab8 16. Qe3 Rfc8 17. Bc1 Nc4 18. Bxc4 dxc4 19. Nd2 Bc6 20. Nxc4 Nf5 21. Qf4 Rd8 {½-½ (29) Acs,P (2599)-Szabo,G (2562) Hungary 2016}) 10. Qg4 Qc7 $2 (10... c4 $11 {and Black has nothing to worry.} 11. Be2 (11. Qxg7 Rg8 $17) 11... O-O) 11. Qxg7 $18 Rg8 12. Qxh7 cxd4 13. Ne2 Nbc6 {[#]} 14. Ba3 (14. cxd4 $6 Nxd4 15. Bf4 (15. Nxd4 Qc3+ 16. Ke2 Qxd4 $15) 15... Nxe2 $16) ({Better is} 14. f4 $1 $18) 14... Qxe5 $16 15. cxd4 Nxd4 {[#]} (15... Qf6 $16 16. Bxe7 Nxe7) 16. Bxe7 $2 (16. f4 $1 $18 {[%cal Rf4e5]} Qf6 17. Bxe7 Nxc2+ 18. Kf2 Kxe7 19. Qxg8 (19. Bxc2 Ba6 $15) 19... Nxa1 20. Rb1 (20. Rc1 Bb7 $11)) 16... Rh8 $1 $36 {[%cal Rh8h7][%mdl 2048] The position is equal. Black has the initiative.} 17. f4 $1 {[%cal Rf4e5]} ({Much weaker is} 17. Bd6 Qf6 $17) 17... Nxc2+ $1 18. Bxc2 Qxa1+ 19. Kf2 Qxh1 20. Qxh8+ Kxe7 {[#]} 21. f5 $1 {[%mdl 512]} Bb7 (21... exf5 22. Qh4+) 22. Qh4+ Kd6 {...Rg8 is the strong threat.} 23. fxe6 fxe6 24. Qf4+ Kd7 $1 25. Qf7+ Kd6 26. Qf4+ Kd7 $1 27. Qf7+ Kd6 28. Nd4 {Nb5+ would kill now.} Qxh2 {Hoping for ...Qh4+.} 29. Nb5+ ({Don't go for} 29. Nf3 $2 Qh8 $19) 29... Kc5 30. Qe7+ Kc4 {aiming for ...Rg8.} 31. Qa3 {[%csl Ga3][%cal Rc2d3]} Qh4+ 32. Kf1 {[%csl Ga3][%cal Rc2d3]} Qh1+ 33. Kf2 {[%csl Ga3][%cal Rc2d3]} Qh4+ 34. Kf1 {[%csl Ga3][%cal Rc2d3]} Qh1+ 35. Kf2 {[%csl Ga3][%cal Rc2d3]} Qh4+ {Precision: White = 85%, Black = 69%.} 1/2-1/2

[Event "RUS-chT Rapid Men 2018"]
[Site "Sochi"]
[Date "2018.10.09"]
[Round "9"]
[White "Romanov, Evgeny"]
[Black "Moiseenko, Vadim"]
[Result "0-1"]
[WhiteElo "2614"]
[BlackElo "2492"]
[Annotator "TA"]
[PlyCount "70"]
[EventDate "2018.10.05"]
[EventType "swiss"]
[EventCountry "RUS"]
[SourceTitle "playchess.com"]
[Source "ChessBase"]
[SourceQuality "1"]

{[%evp 9,70,-25,-33,-32,23,-27,-31,-32,-34,-41,-8,-15,0,-24,19,-42,0,0,0,-474,-410,-429,-427,-427,-370,-372,-379,-372,-374,-337,-341,-499,-489,-488,-495,-469,-468,-732,-728,-947,-997,-959,-629,-917,-823,-967,-908,-905,-975,-969,-946,-2450,-1966,-4910,-1293,-1283,-1174,-5010,-4914,-29987,-1570,-1339,-1277]} 1. d4 e6 2. c4 b6 3. d5 Nf6 (3... Bb7 4. a3 Nf6 5. Nc3 Qe7 6. Bg5 h6 7. Bh4 d6 8. e3 Nbd7 9. Rc1 c5 10. Nb5 Ne5 11. Bxf6 gxf6 12. Qa4 Kd8 13. Nc3 {0-1 (50) Karpov,A (2623)-Hou,Y (2654) Harbin 2018}) 4. a3 Ba6 5. Qc2 exd5 6. cxd5 {A40: Unusual replies to 1 d4} c6 $146 ({Black should play} 6... Bb7 $15) ({Predecessor:} 6... c5 7. Nc3 g6 8. Nf3 Bg7 9. Bf4 d6 10. e4 Bxf1 11. Kxf1 O-O 12. g3 Nh5 13. Bg5 Qd7 14. Kg2 Na6 15. h3 Nc7 16. Rad1 {½-½ (16) Lukacs,P (2460)-Ree,H (2500) Budapest 1978}) 7. Nc3 Nxd5 8. Nxd5 {Black is slightly better.} cxd5 9. g3 Nc6 10. Bg2 Bc5 {Hoping for ...Nd4.} 11. Bxd5 O-O {...Nd4 is the strong threat.} 12. Qa4 ({White should try} 12. Nf3 $11) 12... Qc8 13. b4 Bd4 $36 {[%mdl 2048] Black is pushing.} 14. Ra2 $2 {[%mdl 8192] [#]} (14. Rb1 $11 {and White is okay.}) 14... Nxb4 $1 {[%mdl 512]} 15. Bd2 {[#]} (15. axb4 Qxc1+) 15... Bxf2+ $1 {[%mdl 512]} 16. Kxf2 Nxd5 17. Rc2 Qb7 {aiming for ...Nf6.} 18. Nf3 Rfe8 19. Re1 Nf6 20. Bf4 (20. Bc3 {keeps fighting.} Ne4+ 21. Kg1) 20... Re4 $19 21. Qb3 Rae8 22. Ng5 R4e7 23. e3 (23. Qf3 $142 d5 24. Kg1) 23... h6 24. Nf3 Ng4+ 25. Kg2 Qe4 26. Rc3 g5 27. h3 Bb7 28. Rf1 gxf4 29. hxg4 fxe3 30. Kh3 {[#]} h5 $1 31. gxh5 e2 (31... Qf5+ $142 32. g4 e2) 32. Re1 Qf5+ 33. g4 Qf4 {( -> ...Re3)} 34. Qb4 Qxb4 (34... Re4 $142 35. Qb5 Qxg4+ 36. Kh2 R8e5 37. Rg1 Rxb5 38. Rxg4+ Rxg4 39. Ne1 Rxh5+ 40. Rh3 Rhg5 41. Rc3 Rg1 42. Rc8+ Kh7 43. Nf3 Bxf3 44. Rc1 Rxc1 45. Kh3 Rh1#) 35. axb4 Re3 {Precision: White = 26%, Black = 58%.} 0-1

[Event "RUS-chT Rapid Men 2018"]
[Site "Sochi"]
[Date "2018.10.09"]
[Round "9"]
[White "Indjic, Aleksandar"]
[Black "Kurbedinov, Ramis"]
[Result "1-0"]
[WhiteElo "2604"]
[BlackElo "2305"]
[Annotator "TA"]
[PlyCount "49"]
[EventDate "2018.10.05"]
[EventType "swiss"]
[EventCountry "RUS"]
[SourceTitle "playchess.com"]
[Source "ChessBase"]
[SourceQuality "1"]

{[%evp 19,49,8,17,10,36,32,30,18,0,4,0,0,24,28,122,115,118,0,0,0,14,12,14,11,21,19,12,0,18,14,29997,29998]} 1. d4 Nf6 2. c4 e6 3. Nf3 b6 4. a3 Bb7 5. Nc3 Be7 6. Qc2 d5 7. cxd5 exd5 8. g3 O-O 9. Bg2 Nbd7 10. O-O c5 11. Rd1 {E12: Queen's Indian: Unusual White 4th moves, 4 a3, 4 Nc3 Bb7 5 a3 and 4 Nc3 Bb7} Rc8 12. dxc5 Nxc5 13. Be3 $146 {White has an edge.} ({Predecessor:} 13. Ng5 g6 14. Bf4 Ne6 15. Nxe6 fxe6 16. Qa4 Bc5 17. e3 a6 18. Bg5 Qe7 {½-½ (133) Pert,N (2544)-Eggleston,D (2397) Hull 2018}) 13... Nce4 14. Bd4 Nxc3 15. bxc3 Ne4 16. Nd2 {[%cal Rd2e4]} Nxc3 (16... Nc5 $11) 17. Bxc3 $16 {And now Qb2 would win.} Qc7 18. Qa4 (18. Nb1 $16) 18... Qxc3 $11 19. Qxa7 Qc6 {[#]} 20. Nc4 $1 $36 {[%cal Rc4b6][%mdl 2560] White has the initiative.} Qxc4 21. Qxb7 Bf6 ({Don't go for} 21... Qxe2 $2 22. Re1 $18) 22. Bxd5 Qxe2 23. Rac1 Rxc1 24. Rxc1 {White threatens Qxf7+! and mate.} Bd4 $2 {[%mdl 8192] [#]} (24... Bc3 $11) 25. Qxf7+ $1 {[%mdl 512] Precision: White = 76%, Black = 40%.} 1-0